Statistics for Ultimate Gossip Girl Quiz!

Click here to take the quiz!

General Stats

  • This quiz has been taken 2,450 times
  • The average score is 10 of 25

Answer Stats

Hint Answer % Correct
Number of Seasons6
89%
Gossip GirlDan Humphrey
86%
Chuck's FatherBart Bass
83%
Blair's MaidDorota
80%
Jenny's NicknameLittle J
74%
Dorota's NationalityPolish
60%
The Girls Territory at SchoolMet Steps
60%
Chuck's UncleJack Bass
59%
Chuck's DogMonkey
49%
Where did Serena & Blair Spend SummerFrance
49%
Chucks Signature PieceScarf
46%
Girls SchoolConstance
44%
Blair's StepfatherCyrus Rose
43%
Eleanor's Fashion LineWaldorf Designs
38%
Nate's Dads NicknameThe Captain
38%
Blair's MinionsPenelope
37%
Gossip Girl VoiceoverKristen Bell
30%
Serenas Socialite FriendPoppy Lifton
22%
Rufus' BandLincoln Hawk
19%
Blair's MinionsKati
13%
Where do they hang outUpper East Side
8%
Blair's MinionsJessica
6%
Van Der Woodsens Room @ The Palace1510
3%
Gossip Girls Emailtips@gossipgirl.net
2%
Mr Bass' 2nd DeathFalls off building
1%

Score Distribution

Percentile by Number Answered

Percent of People with Each Score

Your Score History

You have not taken this quiz